01020nam a22002777a 4500001001300000003000900013005001700022007000300039008003400042040005400076041001000130072000800140090002100148110009800169245013100267260003800398300001100436650002900447650002400476650001400500650001200514909003600526942000700562999001700569952015600586BR2011002351BR-BrBNA20230928103631.0ta230509b bl.||||| |||| 00| 0 por d aBR-BrBNAbporcBiblioteca Nacional de Agricultura a(Por) aS40  S40 BR20110023511 aMinistério da Saúde, Brasília, DF (Brasil). Secretaria de Atenção à Saúde974511 aGuia alimentar para a população brasileira promovendo a alimentação saudávelbSérie A. Normas e manuais Técnicos3 aBrasília, DF (Brasil): c2006.  a210 p. aPROGRAMA DE NUTRIÇÃO aNUTRIÇÃO HUMANA aQUALIDADE aSAÚDE a202309bLuciac55dLucia Elande cBK c75897d75897 002AGRIS40708AGROBASEa41918b41918l0o S40 BR2011002351pS40 BR2011002351r2023-09-25t01yBK10d2023-09-25ePortaria Interministerial nº 164/94